000 01148cam a2200349 a 4500
005 20260322212003.0
008 data
010 _a 87045598
020 _a0060551054 :
_c{dollar}27.50
020 _a0060962348 (pbk.) :
_c{dollar}12.95
020 _a9780060551056 :
_c{dollar}27.50
020 _a9780060962340 (pbk.) :
_c{dollar}12.95
040 _aDLC
_cDLC
_dDLC
043 _an-us---
050 0 0 _aHQ72.U53
_bB37 1988
082 0 0 _a616.85/83
_219
092 _a616.85 Bas 1988
100 1 _aBass, Ellen.
245 1 4 _aThe courage to heal :
_ba guide for women survivors of child sexual abuse /
_cEllen Bass & Laura Davis.
250 _a1st ed.
260 _aNew York :
_bPerennial Library,
_cc1988.
300 _a493 p. ;
_c25 cm.
500 _aIncludes index.
504 _aBibliography: p. 466-484.
650 0 _aChild sexual abuse
_zUnited States.
650 0 _aWomen
_zUnited States
_xPsychology.
650 0 _aAdult child abuse victims
_zUnited States.
700 1 _aDavis, Laura,
_d1956-
906 _a7
_bcbc
_corignew
_d1
_eocip
_f19
_gy-gencatlg
991 _bc-GenColl
_hHQ72.U53
_iB37 1988
_p00019099982
_tCopy 1
_wBOOKS
001 data
999 _c13
_d13